Statistiques concernant Mot mystérieux - Série 70

Cliquez ici pour prendre le quiz!

Statistiques générales

  • Ce quiz a été pris 91 fois
  • Le résultat moyen est 5 sur 10

Statistiques - réponses

IndicesMot% Correct
Nice - Dunkerque - Venise - Riocarnaval
81%
cinéma - théâtre - rôle - métieracteur
80%
tête - cinéma - publicitaire - muséeaffiche
73%
muet - affiche - minuit - studiocinéma
58%
amour - douce - Roland- gestechanson
49%
bête - hiver - soleil - gavarniecirque
41%
droit - engagé - compositeur - citationauteur
30%
peintre - entrée - maison - vieartiste
20%
enfant - basilique - Pierre - arméechoeur
16%
corps - cour - rose - chambreballet
1%

Distribution des résultats

Percentile par nombre de réponses

% des personnes avec chaque résultat

Votre développement - résultats

Vous n’avez pas pris ce quiz